000 00611nam a2200193Ia 4500
003 GCL
008 140319s9999 xx 000 0 ara d
040 _aGCL /
_cGCL
082 0 4 _a342.02
_bه د
100 1 _aالهيئة العامة للاستعلامات
245 1 0 _aدستور جمهورية مصر العربية /
_cالهيئة العامة للاستعلامات
260 _a[S.N] :
_bالهيئة العامة للاستعلامات ،
_c1994
300 _a66
490 _a
650 0 4 _aمصر
650 0 4 _aالدستور
650 0 4 _aالقانون الدستورى
942 _2ddc
_cBK
999 _c54563
_d54563